| 000 | 02281cam a22006134i 4500 | ||
|---|---|---|---|
| 003 | PE-LiUPU | ||
| 005 | 20250731165511.0 | ||
| 008 | 180205s2016 sp a r0 000 0 spa d | ||
| 020 | _a9788416664375 | ||
| 035 | _a(Sirsi) a241178 | ||
| 040 |
_aPE-LiUPU _bspa _cPE-LiUPU _erda |
||
| 049 | _aPRUA | ||
| 082 | 0 | 4 |
_a004.2 _bE62 _221 |
| 100 | 1 |
_aEntrialgo Cantaño, Joaquín, _eautor. |
|
| 245 | 1 | 0 |
_aComputadores y redes / _cJoaquín Entrialgo Castaño, [y otros 7 más]. |
| 264 | 1 |
_aOviedo : _bEdiciones de la Universidad de Oviedo, _c2016. |
|
| 300 |
_a232 páginas : _bilustraciones ; _c24 centímetros. |
||
| 336 |
_atext _2rdacontent |
||
| 337 |
_aunmediated _2rdamedia |
||
| 338 |
_avolume _2rdacarrier |
||
| 490 | 0 | _aTextos universitarios Ediuno | |
| 505 | 0 | _aLa información digital -- Sistemas digitales -- Computadores -- Arquitectura del computador -- El lenguaje de la máquina -- El procesador -- El sistema de memoria -- Entrada/salida -- Redes -- Redes y protocolos -- Redes de área local -- Internet. | |
| 526 | _aSEG44 | ||
| 526 | _aSEG26 | ||
| 526 | _aP151 | ||
| 526 | _aP150 | ||
| 526 | _aP149 | ||
| 526 | _aP146 | ||
| 526 | _aP145 | ||
| 526 | _aP126 | ||
| 526 | _aP125 | ||
| 526 | _aP92 | ||
| 526 | _aP75 | ||
| 526 | _aP74 | ||
| 526 | _aP27 | ||
| 526 | _aP15 | ||
| 541 | _g0001-0042353; | ||
| 650 | 0 | 4 | _aArquitectura de ordenador. |
| 650 | 0 | 4 | _aArquitectura de redes informáticas. |
| 650 | 0 | 4 | _aComputer architecture. |
| 650 | 0 | 4 | _aArchitecture of computer networks. |
| 700 | 1 |
_aGranda Candás, Juan Carlos, _eautor. |
|
| 700 | 1 |
_aLópez López, Jose María, _eautor. |
|
| 700 | 1 |
_aMolleda Meré, Julio, _eautor. |
|
| 700 | 1 |
_aRomón Arias García, José, _eautor. |
|
| 700 | 1 |
_aUsamentiaga Fernández, Rubén, _eautor. |
|
| 700 | 1 |
_aGarcía Vázquez, Manuel, _eautor. |
|
| 700 | 1 |
_aDíaz de Arriba, José Luis, _eautor. |
|
| 910 |
_adbm _bksl _cksl _d20180205 |
||
| 942 |
_2ddc _cBOOK |
||
| 994 |
_aC0 _bPEPRU |
||
| 596 | _a1 | ||
| 999 |
_a004.2 E62 _wLC _c26816 _i78124 _d26816 _f2021-11-9 _g4 _lCCODEBUL1 _mBUL _p17.12 _q1 _r0 _sY _tBOOK _u2018-2-5 _xINGENIERIA _PP27 _0COMPRA _o.STAFF. Colección Ingeniería y Arquitectura |
||
| 980 |
_81 _gALBERTO SANCHEZ Responsable de Automatización |
||